<?xml version="1.0" encoding="UTF-8"?><?xml-stylesheet type="text/xsl" href="static/style.xsl"?><OAI-PMH xmlns="http://www.openarchives.org/OAI/2.0/" xmlns:xsi="http://www.w3.org/2001/XMLSchema-instance" xsi:schemaLocation="http://www.openarchives.org/OAI/2.0/ http://www.openarchives.org/OAI/2.0/OAI-PMH.xsd"><responseDate>2026-04-30T05:10:48Z</responseDate><request verb="GetRecord" identifier="oai:uvadoc.uva.es:10324/77434" metadataPrefix="marc">https://uvadoc.uva.es/oai/request</request><GetRecord><record><header><identifier>oai:uvadoc.uva.es:10324/77434</identifier><datestamp>2025-09-03T19:02:47Z</datestamp><setSpec>com_10324_38</setSpec><setSpec>col_10324_852</setSpec></header><metadata><record xmlns="http://www.loc.gov/MARC21/slim" xmlns:doc="http://www.lyncode.com/xoai" xmlns:xsi="http://www.w3.org/2001/XMLSchema-instance" xmlns:dcterms="http://purl.org/dc/terms/" xsi:schemaLocation="http://www.loc.gov/MARC21/slim http://www.loc.gov/standards/marcxml/schema/MARC21slim.xsd">
<leader>00925njm 22002777a 4500</leader>
<datafield tag="042" ind1=" " ind2=" ">
<subfield code="a">dc</subfield>
</datafield>
<datafield tag="720" ind1=" " ind2=" ">
<subfield code="a">Soto Ortega, Carla</subfield>
<subfield code="e">author</subfield>
</datafield>
<datafield tag="260" ind1=" " ind2=" ">
<subfield code="c">2025</subfield>
</datafield>
<datafield tag="520" ind1=" " ind2=" ">
<subfield code="a">El tratamiento pedagógico del duelo en la etapa de Educación Infantil es un tema aún poco &#xd;
abordado en el contexto escolar, a pesar de su relevancia emocional y formativa. Este trabajo se &#xd;
centra en explorar cómo el arte puede actuar como vehículo para acompañar y trabajar el duelo &#xd;
con niños y niñas de 4 años. A partir de un marco teórico estructurado en torno al duelo infantil, &#xd;
la educación emocional, los retos y resistencias existentes, y el valor del arte como recurso &#xd;
pedagógico, se realizó un estudio mixto basado en un cuestionario dirigido a adultos del ámbito &#xd;
educativo y familiar. Los resultados muestran un consenso generalizado sobre la importancia de &#xd;
integrar el duelo en la escuela desde un enfoque preventivo, respetuoso y adaptado a la infancia. &#xd;
Además, se diseñó y aplicó una propuesta didáctica compuesta por cinco actividades artísticas &#xd;
en un aula real, cuya implementación propició espacios seguros de expresión emocional, &#xd;
reflexión y elaboración simbólica. Las conclusiones refuerzan la necesidad de incluir la &#xd;
educación emocional y el acompañamiento del duelo como parte esencial del currículo escolar</subfield>
</datafield>
<datafield tag="024" ind2=" " ind1="8">
<subfield code="a">https://uvadoc.uva.es/handle/10324/77434</subfield>
</datafield>
<datafield tag="245" ind1="0" ind2="0">
<subfield code="a">El proceso de duelo en educación infantil a través del arte: Análisis de miradas adultas e intervención en el aula</subfield>
</datafield>
</record></metadata></record></GetRecord></OAI-PMH>